Engineering Optimization: Theory and Practice (Record no. 5120)

MARC details
000 -LEADER
fixed length control field 00380nam a2200145Ia 4500
008 - FIXED-LENGTH DATA ELEMENTS--GENERAL INFORMATION
fixed length control field 191201s2013 xx 000 0 und d
082 ## - DEWEY DECIMAL CLASSIFICATION NUMBER
Classification number 620.001
Item number RAE
100 ## - MAIN ENTRY--PERSONAL NAME
Personal name RAVINDRAN,A & Others
245 #0 - TITLE STATEMENT
Title Engineering Optimization: Theory and Practice
250 ## - EDITION STATEMENT
Edition statement Rep
260 ## - PUBLICATION, DISTRIBUTION, ETC. (IMPRINT)
Place of publication, distribution, etc N. Delhi
Name of publisher, distributor, etc Wiley Dreautech India
Date of publication, distribution, etc 2013
300 ## - PHYSICAL DESCRIPTION
Extent 667
650 ## - SUBJECT ADDED ENTRY--TOPICAL TERM
Topical term or geographic name as entry element M.Tech (ME)
942 ## - ADDED ENTRY ELEMENTS (KOHA)
Source of classification or shelving scheme Dewey Decimal Classification
Koha item type Text Books
Holdings
Withdrawn status Lost status Source of classification or shelving scheme Damaged status Not for loan Collection code Home library Current library Date acquired Source of acquisition Cost, normal purchase price Bill Number Total Checkouts Full call number Acc. no. / Barcode Date last seen Bill Date Koha item type
    Dewey Decimal Classification     B.Tech(ME) PIET C-LIBRARY PIET C-LIBRARY 16/12/2011 Valley Book House 379.00 291   620.001 RAE 18745 04/12/2019 16/12/2011 Text Books
    Dewey Decimal Classification     B.Tech(ME) PIET C-LIBRARY PIET C-LIBRARY 16/12/2011 Valley Book House 379.00 291   620.001 RAE 18746 04/12/2019 16/12/2011 Text Books
    Dewey Decimal Classification     B.Tech(ME) PIET C-LIBRARY PIET C-LIBRARY 16/12/2011 Valley Book House 379.00 291   620.001 RAE 18747 04/12/2019 16/12/2011 Text Books

Design & Developed by: PIET Central Library
R70 Miles Stone Pattikalyana Samalkha Panipat 132102
mail ID :- [email protected], Phone No:- 0180-2569700 Ex.216